Central Library, Doon University
WEBOPAC (ONLINE PUBLIC ACCESS CATALOGUE)

Art of Bikaner (Record no. 60282)

MARC details
000 -LEADER
fixed length control field 00452nam a22001817a 4500
005 - DATE & TIME
control field 20260209151010.0
008 - FIXED-LENGTH DATA ELEMENTS--GENERAL INFORMATION
fixed length control field 260209b |||||||| |||| 00| 0 eng d
020 ## - ISBN
International Standard Book Number 9789383098736
Price 1000.00
040 ## - CATALOGING SOURCE
Original cataloging agency Doon University
041 ## - Language
Language English
082 ## - DDC NUMBER
Classification number 709.5492
Book Number SWA
100 ## - MAIN ENTRY--PERSONAL NAME
Personal name Mahaveer, Swami
245 ## - TITLE STATEMENT
Title Art of Bikaner
Sub Title : Indian Art Series
260 ## - PUBLICATION, DISTRIBUTION, ETC. (IMPRINT)
Place of publication, distribution, etc New Delhi
Name of publisher, distributor, etc Niyogi Books
Date of publication, distribution, etc 2024
300 ## - PHYSICAL DESCRIPTION
Pages 111
650 ## - Subject
Subject Design
942 ## - ADDED ENTRY ELEMENTS (KOHA)
Koha item type Books
100 ## - MAIN ENTRY--PERSONAL NAME
-- 26237
952 ## - LOCATION AND ITEM INFORMATION (KOHA)
-- 2026-02-09
952 ## - LOCATION AND ITEM INFORMATION (KOHA)
-- 2026-02-09
952 ## - LOCATION AND ITEM INFORMATION (KOHA)
-- 2026-02-09
Holdings
Withdrawn status Lost status Source of classification or shelving scheme Damaged status Not for loan Location (home branch) Sublocation or collection (holding branch) Date acquired Koha full call number Accession No. Koha date last seen Koha item type Koha issues (times borrowed)
        Not For Loan Doon University Doon University 09.02.2026 709.5492 SWA 52426 09.02.2026 Reference  
          Doon University Doon University 09.02.2026 709.5492 SWA 52427 09.02.2026 Books  
          Doon University Doon University 09.02.2026 709.5492 SWA 52428 09.02.2026 Books  
Contact : +91-135-2533126 (Library),+91-135-2533105 (Admin Office) , Email : doonlibrary@gmail.com

Powered by Koha